| 000 | 00729nas a2200241 4500 | ||
|---|---|---|---|
| 001 | BR0804926 | ||
| 003 | BR-BrBNA | ||
| 005 | 20231205112357.0 | ||
| 007 | ta | ||
| 008 | 230509b bl.|||p| |||| 00| 00por d | ||
| 040 |
_aBR-BrBNA _bpor _cBiblioteca Nacional de Agricultura |
||
| 041 | _a(Pt) | ||
| 072 | _aL53 | ||
| 100 | 1 | _aChacur, M.G.M. | |
| 100 | 1 | _aMachado Neto, N.B. | |
| 245 | 1 | _aInfluência da estação do ano sobre as proteínas do plasma seminal de touros Limousin | |
| 650 | _aTOURO | ||
| 650 | _aSEMEN | ||
| 650 | _aELETROFORESE | ||
| 773 | 0 |
_tVeterinaria Noticias (Brazil) _xISSN 0104-3463 _g(Jan-Jun 2007), v. 13(1) p. 47-53 _wBR0804926 |
|
| 909 |
_a202311 _bLúcia _c55 _dLúcia Elande |
||
| 942 |
_2AGRIS _n0 _cANA |
||
| 999 |
_c197727 _d197727 |
||